00299nam a2200133 a 450000500170000002000180001710000230003524500250005826000280008330000110011104100080012265000140013065000210014420260702181356.0 a97806797832681 aDostoevsky, Fyodor10aCrime and Punishment aNew YorkbVintagec1993 a576 p.0 aeng 0aRoman rus 0aFilozofie morala